000 00298nam a2200121Ia 4500
005 20251222141825.0
008 251222s9999||||xx |||||||||||||| ||spa||
082 _a869.57/F62
100 _aFlores Haboud, Jeamel
245 0 _aAriadna-Arianna
264 _bInstituto Italiano di Cultura
942 _cLIB
999 _c6930
_d6930